Statistics for Countries With The Most Palestinian People

Click here to take the quiz!

General Stats

  • This quiz has been taken 107 times
  • The average score is 23 of 30

Answer Stats

TotalCountry% Correct
275,500United States
99%
338,500Egypt
98%
1,65 milIsrael
97%
3,25 milJordan
96%
280,250Saudi Arabia
96%
77,550France
95%
70,000Iraq
94%
68,500United Kingdom
92%
90,000Canada
91%
402,800Lebanon
91%
95,000Germany
90%
630,000Syria
87%
120,000Qatar
85%
42,000Libya
83%
80,000Kuwait
80%
52,000Australia
76%
65,000Yemen
74%
251,650Brazil
73%
155,430Mexico
70%
35,500Netherlands
69%
60,000Sweden
69%
88,200Argentina
67%
21,500Greece
67%
49,560Colombia
65%
525,000Chile
62%
15,500Peru
58%
15,000Denmark
55%
220,000Guatemala
27%
245,600Honduras
26%
70,500El Salvador
23%

Score Distribution

Percentile by Number Answered

Percent of People with Each Score

Your Score History

You have not taken this quiz